000 00710nam a22002177a 4500
005 20251108173350.0
008 250721s9999 xx 000 0 ara d
082 1 4 _aم/ط/ 912/اوغ
100 1 _aأوغيلفي، بروس
245 1 0 _aأطلس العالم المصور : أربع خرائط ملونة لكل قارة /
264 1 _aبيروت :
_bالمؤسسة العربية للدراسات،
_c[19-].
300 _a89ص.
650 1 7 _aالأطالس
650 1 7 _aالتوزيع الجغرافي
650 1 7 _aالقارات
650 1 7 _aالخرائط
653 _aناشئون صغار (10-14) سنة
700 1 _aويتلي، دوغلاس
942 _2ddc
_cBK
999 _c102214
_d102214